000 00242 a2200121 4500
020 _a7509994008106
020 _a9684167016
041 _aspa
100 _aAnonimo
245 _aDe la selva Virgen al Carbon
942 _cBK
999 _c14938
_d14938
999 _d14938